flags without blue and red - Statistics

General Stats
  • This quiz has been taken 19 times
    14 since last reset
  • The average score is 6 of 9
Answer Stats
Hint Answer % Correct
asia pakistan
88%
asia afghanistan
75%
africa niger
75%
europe ireland
63%
north america jamaica
63%
asia bhutan
50%
eurasia cyprus
50%
africa nigeria
50%
asia saudi arabia
50%
No matching quizzes found
Score Distribution
Percent of People with Each Score
Percentile by Number Answered
Your Score History
You have not taken this quiz since the last reset